000 00511nam a22001817a 4500
003 CEME
005 20210628203138.0
008 210223b xxu||||| |||| 00| 0 eng d
020 _a1-58053-347-7
040 _c.
082 _a621.384 BUR
100 _aBurns, Paul
_963615
245 _aSoftware defined radio for 3g
260 _aBOSTON
_bARTECH HOUSE
_c2002
300 _aXIX,280P
650 _aSOFTWARE RADIO, CELLULAR TELEPHONE SYSTEMS, GLOBAL SYSTEM FOR MOBILE COMMUNICATION
_963616
942 _cBK
_2ddc
999 _c572374
_d572374